Libro

Los municipios de la Provincia de Salta: Estadísticas básicas

Guardado en:
Detalles Bibliográficos
Autor Corporativo: Instituto Nacional de Estadística y Censos (Argentina)
Formato: Libro
Lenguaje:español
Publicado: Buenos Aires : INDEC, 1997
Materias:

MARC

LEADER 00000nam#a2200000#a#4500
001 007224
003 AR-BeUNQ
005 20240607130833.0
008 010619s1997####ag##################spa#d
999 |c 9825  |d 85212 
020 |a 9508961309 
040 |a AR-beUNQ  |e aacr 
099 |a 11-A114 [Solicitar CD-ROM en mostrador] 
110 2 |a Instituto Nacional de Estadística y Censos (Argentina) 
245 0 0 |a Los municipios de la Provincia de Salta: Estadísticas básicas  |c Instituto Nacional de Estadística y Censos (Argentina). 
260 |a Buenos Aires :  |b INDEC,  |c 1997 
300 |a 204 p 
500 |a Acompañado de: CD-ROM 
650 7 |a POBLACIONES  |2 Spines 
650 7 |a VIVIENDA  |2 Spines 
650 7 |a GEOGRAFIA  |2 Spines 
650 7 |a DATOS ESTADISTICOS  |2 Spines 
650 7 |a PROVINCIAS  |2 Spines 
651 7 |a ARGENTINA  |2 Spines 
651 7 |a SALTA  |2 Spines 
653 |a MUNICIPIOS 
653 |a INDUSTRIA MANUFACTURERA 
929 |a COMPRA  |b INDEC  |d 4,00E  |e 20010308  |f patrimonio  |j 29502  |i 20240624 
942 |c LIB  |n 0